000 00776nam a2200289Ia 4500
003 OSt
005 20160708083418.0
008 151016s9999 xx 000 0 und d
020 _a9.7812590607e+012
040 _cLIC
082 _aDC 616.89
_bN717
100 _aNolen-Hoeksema, Susan.
245 _aAbnormal psychology/
245 _cSusan Nolen-Hoeksema
250 _a6th Edition
260 _aNew York
260 _bMcGraw-Hill Education
260 _c©2014
300 _axxvii, 596 pages:
300 _bColor Illustrations;
300 _c28 cm.
504 _aIncludes bibliographical references and index.
650 _aAbnormal Psychology
650 _aMental illness
_xTextbooks
650 _aPsychology, Pathological
_xTextbooks
942 _aDDC
_2ddc
_cDC
999 _c37
_d37